000 00620nam a2200205Ii 4500
003 JO-AjNU
008 230605s9999||||xx |||||||||||||| ||und||
040 _aJO-AjNU
_bara
_erda
_cJO-AjNU
041 _aara
050 1 4 _aQC173.6 1972
100 3 _aمرحبا، عبد الرحمن,
_eauthor
_957195
245 0 0 _aاينشتين والنظرية النسبية
250 _aط6
264 3 1 _aبيروت: دار القلم، 1972
300 _a191ص
336 _atext
_btxt
_2rdacontent
337 _aunmediated
_bn
_2rdamedia
338 _avolume
_bnc
_2rdacarrier
650 4 _aالنسبية- فيزياء
_957196
999 _aA25615
_c29183
_d29183